00636 2200241 4500001002100000005001500021035002000036007000300056008004100059020002200100082001000122084001600132100001200148245006300160250001000223260003600233300003500269650002200304504003100326520001300357990001200370990001200382INLIS00000000000278920190110033041 a0010-0119000141ta190110 g 0 ind  a978-602-280-153-5 a604.6 a604.6 RIY l0 aRIYANTO1 aLimbah Bahan Berbahaya dan Beracun :bLimbah B3 /cRiyanto acet.1 aYogyakarta :bDeepublish,c2013 ax, 228 hlm. :bilus. ;c23 cm. aSAMPAH. TEKNOLOGI aBibliografi : hlm. 199-200 aLampiran a17001 a a17001 b